<?xml version="1.0" encoding="UTF-8"?>
<collection xmlns="http://www.loc.gov/MARC21/slim">
 <record>
  <leader>03504cam a2200709   4500</leader>
  <controlfield tag="001">1740940768</controlfield>
  <controlfield tag="003">DE-627</controlfield>
  <controlfield tag="005">20240209072911.0</controlfield>
  <controlfield tag="007">tu</controlfield>
  <controlfield tag="008">201124s2021    xxu|||||      00| ||eng c</controlfield>
  <datafield tag="010" ind1=" " ind2=" ">
   <subfield code="a">  2020047246</subfield>
  </datafield>
  <datafield tag="020" ind1=" " ind2=" ">
   <subfield code="a">9781606066867</subfield>
   <subfield code="c">hardcover</subfield>
   <subfield code="9">978-1-60606-686-7</subfield>
  </datafield>
  <datafield tag="020" ind1=" " ind2=" ">
   <subfield code="z">9781606067253</subfield>
  </datafield>
  <datafield tag="024" ind1="3" ind2=" ">
   <subfield code="a">9781606066867</subfield>
  </datafield>
  <datafield tag="035" ind1=" " ind2=" ">
   <subfield code="a">(DE-627)1740940768</subfield>
  </datafield>
  <datafield tag="035" ind1=" " ind2=" ">
   <subfield code="a">(DE-599)KXP1740940768</subfield>
  </datafield>
  <datafield tag="035" ind1=" " ind2=" ">
   <subfield code="a">(OCoLC)1261050383</subfield>
  </datafield>
  <datafield tag="040" ind1=" " ind2=" ">
   <subfield code="a">DE-627</subfield>
   <subfield code="b">ger</subfield>
   <subfield code="c">DE-627</subfield>
   <subfield code="e">rda</subfield>
  </datafield>
  <datafield tag="041" ind1=" " ind2=" ">
   <subfield code="a">eng</subfield>
  </datafield>
  <datafield tag="044" ind1=" " ind2=" ">
   <subfield code="c">XD-US</subfield>
  </datafield>
  <datafield tag="050" ind1=" " ind2="0">
   <subfield code="a">N6502.2</subfield>
  </datafield>
  <datafield tag="082" ind1="0" ind2=" ">
   <subfield code="a">700.9809/032</subfield>
   <subfield code="q">LOC</subfield>
  </datafield>
  <datafield tag="084" ind1=" " ind2=" ">
   <subfield code="a">KUNST</subfield>
   <subfield code="q">DE-16</subfield>
   <subfield code="2">fid</subfield>
  </datafield>
  <datafield tag="084" ind1=" " ind2=" ">
   <subfield code="a">LI 75910</subfield>
   <subfield code="q">DE-25/sred21</subfield>
   <subfield code="2">rvk</subfield>
   <subfield code="0">(DE-625)rvk/96992:13288</subfield>
  </datafield>
  <datafield tag="084" ind1=" " ind2=" ">
   <subfield code="a">20.31</subfield>
   <subfield code="2">bkl</subfield>
  </datafield>
  <datafield tag="084" ind1=" " ind2=" ">
   <subfield code="a">21.02</subfield>
   <subfield code="2">bkl</subfield>
  </datafield>
  <datafield tag="100" ind1="1" ind2=" ">
   <subfield code="a">Hyman, Aaron M.</subfield>
   <subfield code="d">1984-</subfield>
   <subfield code="e">VerfasserIn</subfield>
   <subfield code="0">(DE-588)124718062X</subfield>
   <subfield code="0">(DE-627)1780817304</subfield>
   <subfield code="4">aut</subfield>
  </datafield>
  <datafield tag="245" ind1="1" ind2="0">
   <subfield code="a">Rubens in repeat</subfield>
   <subfield code="b">the logic of the copy in colonial Latin America</subfield>
   <subfield code="c">Aaron M. Hyman</subfield>
  </datafield>
  <datafield tag="264" ind1=" " ind2="1">
   <subfield code="a">Los Angeles</subfield>
   <subfield code="b">Getty Research Institute</subfield>
   <subfield code="c">[2021]</subfield>
  </datafield>
  <datafield tag="264" ind1=" " ind2="4">
   <subfield code="c">© 2021</subfield>
  </datafield>
  <datafield tag="300" ind1=" " ind2=" ">
   <subfield code="a">vii, 311 Seiten</subfield>
   <subfield code="b">Illustrationen</subfield>
  </datafield>
  <datafield tag="336" ind1=" " ind2=" ">
   <subfield code="a">Text</subfield>
   <subfield code="b">txt</subfield>
   <subfield code="2">rdacontent</subfield>
  </datafield>
  <datafield tag="337" ind1=" " ind2=" ">
   <subfield code="a">ohne Hilfsmittel zu benutzen</subfield>
   <subfield code="b">n</subfield>
   <subfield code="2">rdamedia</subfield>
  </datafield>
  <datafield tag="338" ind1=" " ind2=" ">
   <subfield code="a">Band</subfield>
   <subfield code="b">nc</subfield>
   <subfield code="2">rdacarrier</subfield>
  </datafield>
  <datafield tag="500" ind1=" " ind2=" ">
   <subfield code="a">Includes bibliographical references and index</subfield>
  </datafield>
  <datafield tag="520" ind1=" " ind2=" ">
   <subfield code="a">&quot;This book excavates the unequaled reception of Flemish artist Peter Paul Rubens in Latin America in the form of prints made after his works, arguing that colonial artists in the New World forged new frameworks for artistic creativity by conforming to European printed designs&quot;--</subfield>
  </datafield>
  <datafield tag="583" ind1="1" ind2=" ">
   <subfield code="a">Archivierung/Langzeitarchivierung gewährleistet</subfield>
   <subfield code="f">FID</subfield>
   <subfield code="2">pdager</subfield>
   <subfield code="5">DE-16</subfield>
  </datafield>
  <datafield tag="600" ind1="1" ind2="0">
   <subfield code="a">Rubens, Peter Paul</subfield>
   <subfield code="d">1577-1640</subfield>
   <subfield code="x">Influence</subfield>
  </datafield>
  <datafield tag="650" ind1=" " ind2="0">
   <subfield code="a">Art, Latin American</subfield>
   <subfield code="x">European influences</subfield>
  </datafield>
  <datafield tag="650" ind1=" " ind2="0">
   <subfield code="a">Prints, European</subfield>
   <subfield code="x">Copying</subfield>
  </datafield>
  <datafield tag="650" ind1=" " ind2="0">
   <subfield code="a">Art, Colonial</subfield>
   <subfield code="z">Latin America</subfield>
  </datafield>
  <datafield tag="650" ind1=" " ind2="0">
   <subfield code="a">Art, Latin American</subfield>
   <subfield code="y">17th century</subfield>
  </datafield>
  <datafield tag="650" ind1=" " ind2="0">
   <subfield code="a">Art, Latin American</subfield>
   <subfield code="y">18th century</subfield>
  </datafield>
  <datafield tag="689" ind1="0" ind2="0">
   <subfield code="d">p</subfield>
   <subfield code="0">(DE-588)11860354X</subfield>
   <subfield code="0">(DE-627)133816001</subfield>
   <subfield code="0">(DE-576)162806760</subfield>
   <subfield code="a">Rubens, Peter Paul</subfield>
   <subfield code="d">1577-1640</subfield>
   <subfield code="2">gnd</subfield>
  </datafield>
  <datafield tag="689" ind1="0" ind2="1">
   <subfield code="d">g</subfield>
   <subfield code="0">(DE-588)4074032-8</subfield>
   <subfield code="0">(DE-627)104571632</subfield>
   <subfield code="0">(DE-576)209192224</subfield>
   <subfield code="a">Lateinamerika</subfield>
   <subfield code="2">gnd</subfield>
  </datafield>
  <datafield tag="689" ind1="0" ind2="2">
   <subfield code="d">s</subfield>
   <subfield code="0">(DE-588)4032423-0</subfield>
   <subfield code="0">(DE-627)104174927</subfield>
   <subfield code="0">(DE-576)208996745</subfield>
   <subfield code="a">Kopie</subfield>
   <subfield code="2">gnd</subfield>
  </datafield>
  <datafield tag="689" ind1="0" ind2="3">
   <subfield code="a">z</subfield>
   <subfield code="2">gnd</subfield>
   <subfield code="a">Geschichte 1600-1800</subfield>
  </datafield>
  <datafield tag="689" ind1="0" ind2=" ">
   <subfield code="5">(DE-627)</subfield>
  </datafield>
  <datafield tag="776" ind1="1" ind2=" ">
   <subfield code="z">9781606067253</subfield>
  </datafield>
  <datafield tag="776" ind1="0" ind2="8">
   <subfield code="i">Erscheint auch als</subfield>
   <subfield code="n">Online-Ausgabe</subfield>
   <subfield code="a">Hyman, Aaron M., 1984-</subfield>
   <subfield code="t">Rubens in repeat</subfield>
   <subfield code="d">Los Angeles : Getty Research Institute, 2021</subfield>
   <subfield code="w">(DLC)2020047247</subfield>
  </datafield>
  <datafield tag="787" ind1="0" ind2="8">
   <subfield code="i">Rezensiert in</subfield>
   <subfield code="a">Göttler, Christine, 1952 - </subfield>
   <subfield code="t">[Rezension von: Aaron M. Hyman, Rubens in repeat. The logic of the copy in colonial Latin America]</subfield>
   <subfield code="d">2022</subfield>
   <subfield code="w">(DE-627)1842063863</subfield>
  </datafield>
  <datafield tag="856" ind1="4" ind2="2">
   <subfield code="u">https://swbplus.bsz-bw.de/bsz1740940768inh.htm</subfield>
   <subfield code="m">V:DE-576</subfield>
   <subfield code="m">B:DE-16</subfield>
   <subfield code="q">application/pdf</subfield>
   <subfield code="v">20220111193655</subfield>
   <subfield code="3">Inhaltsverzeichnis</subfield>
  </datafield>
  <datafield tag="936" ind1="r" ind2="v">
   <subfield code="a">LI 75910</subfield>
   <subfield code="b">Beziehungen zu anderen Personen, Nachwirken von Persönlichkeit und Werk</subfield>
   <subfield code="k">Kunstgeschichte</subfield>
   <subfield code="k">Künstler-Monografien</subfield>
   <subfield code="k">Alphabetische Künstlerliste</subfield>
   <subfield code="k">Künstler R</subfield>
   <subfield code="k">Rubens, Peter Paul (bis 75910)</subfield>
   <subfield code="k">Beziehungen zu anderen Personen, Nachwirken von Persönlichkeit und Werk</subfield>
   <subfield code="0">(DE-627)1271589737</subfield>
   <subfield code="0">(DE-625)rvk/96992:13288</subfield>
   <subfield code="0">(DE-576)201589737</subfield>
  </datafield>
  <datafield tag="936" ind1="b" ind2="k">
   <subfield code="a">20.31</subfield>
   <subfield code="j">Bildende Künstler</subfield>
   <subfield code="0">(DE-627)181571080</subfield>
  </datafield>
  <datafield tag="936" ind1="b" ind2="k">
   <subfield code="a">21.02</subfield>
   <subfield code="j">Geschichte der Malerei</subfield>
   <subfield code="0">(DE-627)106406698</subfield>
  </datafield>
  <datafield tag="951" ind1=" " ind2=" ">
   <subfield code="a">BO</subfield>
  </datafield>
  <datafield tag="990" ind1=" " ind2=" ">
   <subfield code="a">Rubens, Peter Paul</subfield>
  </datafield>
  <datafield tag="990" ind1=" " ind2=" ">
   <subfield code="a">Lateinamerika</subfield>
  </datafield>
  <datafield tag="990" ind1=" " ind2=" ">
   <subfield code="a">Kopie</subfield>
  </datafield>
  <datafield tag="990" ind1=" " ind2=" ">
   <subfield code="a">Geschichte 1600-1800</subfield>
  </datafield>
  <datafield tag="991" ind1=" " ind2=" ">
   <subfield code="a">Rezensiertes Werk</subfield>
  </datafield>
  <datafield tag="999" ind1=" " ind2=" ">
   <subfield code="a">KXP-PPN1740940768</subfield>
   <subfield code="e">4323155190</subfield>
  </datafield>
 </record>
</collection>
